00537nam a22001577a 450000500170000001000150001702000260003203500110005803700130006908200150008210000210009724500480011826000590016627001290022530000250035420190502113150.0 aENG-125130 a9788183690331c600.00 a108662 bDBAD/PUB a001.440922 aPruthi,Sudarshan aWomen nobel laureates/cby Sudarshan Pruthi aNew DelhibLife span publishers and distributorsc2018 a215 Nilgiri Apartments, AlaknandabNew Delhie110019k9811597982, 9350326811mlifespandelhi@gmail.com, rakeshpruthi@gmailcom aviii,187p.c22cm(Hb)